| Tag |
First Indicator |
Second Indicator |
Subfields |
| LEADER |
00000cas a2200000Ii 4500 |
| 001 |
in00001302721 |
| 005 |
20190809082940.0 |
| 008 |
960719d19uu1959txuar s0 0eng d |
| 035 |
|
|
|a (OCoLC)ocm35113593
|
| 035 |
|
|
|9 AHB4924AM
|
| 040 |
|
|
|a TXA
|b eng
|e rda
|c TXA
|d OCLCQ
|d OCLCF
|d OCLCO
|d OCLCQ
|d TXA
|
| 035 |
|
|
|a (OCoLC)35113593
|
| 043 |
|
|
|a n-us-tx
|
| 050 |
|
4 |
|a T4018
|b T49
|
| 090 |
|
|
|a TK4018
|b .P77
|
| 049 |
|
|
|a TXAM
|
| 110 |
2 |
|
|a Texas Farm Electrification Committee,
|e author.
|
| 245 |
1 |
0 |
|a Annual meeting.
|
| 246 |
1 |
|
|i Volumes for 1950-1955 also have title page title:
|a Summary of progress report presented at the annual meeting, Texas Farm Electrification Committee
|
| 246 |
3 |
|
|a Annual meeting of the Texas Farm Electrification Committee
|
| 246 |
3 |
|
|a Annual meeting, Texas Farm Electrification Committee
|
| 264 |
|
1 |
|a College Station, Texas :
|b [Department of Agricultural Engineering, A & M College System of Texas],
|c -1959.
|
| 300 |
|
|
|a volumes ;
|c 29 cm
|
| 310 |
|
|
|a Annual
|
| 336 |
|
|
|a text
|b txt
|2 rdacontent
|
| 337 |
|
|
|a unmediated
|b n
|2 rdamedia
|
| 338 |
|
|
|a volume
|b nc
|2 rdacarrier
|
| 362 |
1 |
|
|a Ceased with: 1959.
|
| 588 |
|
|
|a Description based on: 1949; title from cover.
|
| 588 |
|
|
|a Latest issue consulted: 1959.
|
| 650 |
|
0 |
|a Electricity in agriculture
|z Texas
|v Periodicals.
|
| 650 |
|
7 |
|a Electricity in agriculture.
|2 fast
|0 (OCoLC)fst00906304
|
| 710 |
2 |
|
|a Texas Agricultural and Mechanical College System.
|b Department of Agricultural Engineering,
|e issuing body.
|
| 785 |
0 |
0 |
|t Summary of progress report presented at the annual meeting, Texas Farm Electrification Committee
|w (OCoLC)1111801754
|
| 948 |
|
|
|a updated
|b h
|c 2019/08/09
|e zdobbs
|f 8:29:17 am
|
| 994 |
|
|
|a C0
|b TXA
|
| 999 |
f |
f |
|s 70e21408-8c15-340a-9ec0-3939deba8b93
|i 8b38cde5-3a98-3eaf-8402-7fc8051c6f8f
|t 0
|
| 952 |
f |
f |
|p normal
|a Texas A&M University
|b College Station
|c Sterling C. Evans Library
|d Evans: Library Stacks
|t 0
|e T4018 .T49
|h Library of Congress classification
|i unmediated -- volume
|l 1952
|m A14820006007
|
| 952 |
f |
f |
|p normal
|a Texas A&M University
|b College Station
|c Sterling C. Evans Library
|d Evans: Library Stacks
|t 0
|e T4018 .T49
|h Library of Congress classification
|i unmediated -- volume
|l 1953
|m A14820006057
|
| 952 |
f |
f |
|p normal
|a Texas A&M University
|b College Station
|c Sterling C. Evans Library
|d Evans: Library Stacks
|t 0
|e T4018 .T49
|h Library of Congress classification
|i unmediated -- volume
|l 1954
|m A14820006065
|
| 952 |
f |
f |
|p normal
|a Texas A&M University
|b College Station
|c Sterling C. Evans Library
|d Evans: Library Stacks
|t 0
|e T4018 .T49
|h Library of Congress classification
|i unmediated -- volume
|l 1949
|m A14820005904
|
| 952 |
f |
f |
|p noncirc
|a Texas A&M University
|b College Station
|c Cushing Memorial Library & Archives
|d Cushing: Texas A&M Publications (Remote Storage: 2-3 day retrieval)
|t 0
|e TK4018 .P77
|h Library of Congress classification
|i unmediated -- volume
|
| 952 |
f |
f |
|p normal
|a Texas A&M University
|b College Station
|c Sterling C. Evans Library
|d Evans: Library Stacks
|t 0
|e T4018 .T49
|h Library of Congress classification
|i unmediated -- volume
|l 1950
|m A14820005954
|
| 998 |
f |
f |
|a T4018 .T49
|s 1949-1954
|t 0
|l Evans: Library Stacks
|
| 998 |
f |
f |
|a TK4018 .P77
|s 1957-1959
|t 0
|l Cushing: Texas A&M Publications (Remote Storage: 2-3 day retrieval)
|